[Event "Aragon-chT Preferente Gr I"]
[Site "Aragon"]
[Date "2023.02.18"]
[Round "4.33"]
[White "Ballonga Arruebo, Alejandro"]
[Black "Rubiella Moreno, Oscar"]
[Result "1/2-1/2"]
[WhiteElo "1656"]
[BlackElo "1587"]
[PlyCount "43"]
[EventDate "2023.01.28"]
[EventType "team-tourn"]
[EventRounds "9"]
[EventCountry "ESP"]
[SourceTitle "EXT 2024"]
[Source "ChessBase"]
[SourceDate "2023.10.10"]
[SourceVersion "1"]
[SourceVersionDate "2023.10.10"]
[SourceQuality "1"]
[WhiteTeam "Shatranj"]
[BlackTeam "Enroque Barbastro"]
[WhiteTeamCountry "ESP"]
[BlackTeamCountry "ESP"]

1. c4 e5 2. Nc3 Nf6 3. Nf3 Nc6 4. d4 exd4 5. Nxd4 Bb4 6. Bg5 Bxc3+ 7. bxc3 0-0 8. e3 Qe7 9. Bd3 Ne5 10. Bc2 b6 11. h4 Ba6 12. Nb5 Qc5 13. Bxf6 gxf6 14. Rh3 Qxc4 15. Rg3+ Ng6 16. Bd3 Qxh4 17. Rh3 Qg5 18. f4 Qxg2 19. Qh5 Rfe8 20. Bc4 Re7 21. Qxh7+ Kf8 22. Qh6+ 1/2-1/2

[Event "Aragon-chT Preferente Gr I"]
[Site "Aragon"]
[Date "2023.02.11"]
[Round "3.48"]
[White "Rubiella Moreno, Oscar"]
[Black "Pascual Sese, Lucas"]
[Result "1-0"]
[WhiteElo "1587"]
[BlackElo "1722"]
[PlyCount "61"]
[EventDate "2023.01.28"]
[EventType "team-tourn"]
[EventRounds "9"]
[EventCountry "ESP"]
[SourceTitle "EXT 2024"]
[Source "ChessBase"]
[SourceDate "2023.10.10"]
[SourceVersion "1"]
[SourceVersionDate "2023.10.10"]
[SourceQuality "1"]
[WhiteTeam "Enroque Barbastro"]
[BlackTeam "Las Fuentes"]
[WhiteTeamCountry "ESP"]
[BlackTeamCountry "ESP"]

1. e4 c6 2. d4 d5 3. Nc3 dxe4 4. Nxe4 Nd7 5. Ng5 Ngf6 6. Bd3 e6 7. N1f3 Nb6 8. Qe2 Qc7 9. Ne5 Bd6 10. Nexf7 0-0 11. Nxd6 Qxd6 12. c3 c5 13. dxc5 Qxc5 14. Be3 Qc6 15. 0-0 Nbd5 16. Bd2 Bd7 17. Rad1 Rae8 18. c4 h6 19. Nf3 Ne7 20. Ne5 Qc8 21. Bb4 Nc6 22. Bxf8 Nxe5 23. Bxg7 Kxg7 24. Qxe5 Kf7 25. b4 Rg8 26. b5 Rg5 27. Qe3 Qg8 28. g3 b6 29. Be4 Re5 30. Bg6+ Qxg6 31. Qxe5 1-0